Analýza ekonomickej a obchodnej spolupráce EÚ a Kanady bakalárska práca

Na minha lista:
Detalhes bibliográficos
Autor principal: Farkašová, Andrea
Autor Corporativo: Obchodná fakulta EU. Katedra medzinárodného obchodu
Outros Autores: Ružeková, Viera, 1957-
Formato: Livro
Idioma:eslovaco
Publicado em: Bratislava 2011
Tags: Adicionar Tag
Sem tags, seja o primeiro a adicionar uma tag!

MARC

LEADER 00000nam a2200000 4500
001 0150788
005 20240320071946.0
041 0 |a slo 
044 |a SK 
245 1 0 |a Analýza ekonomickej a obchodnej spolupráce EÚ a Kanady  |b bakalárska práca  |c Andrea Farkašová ; školiteľ: Viera Ružeková 
264 1 |a Bratislava  |c 2011 
300 |a 51 s. 
100 1 |a Farkašová, Andrea 
700 1 |a Ružeková, Viera, 1957- 
710 2 |a Obchodná fakulta EU. Katedra medzinárodného obchodu